Loading...
| Science - Physics | 0 | 8 | 0 | 1 | 80 | 57 | 80.25 | 0 | 4 | 21.22 | 48.15 |
| Religion | 0 | 3 | 0 | 1 | 30 | 80 | 94.33 | 0 | 3 | 6.32 | 24.69 |
| Geography | 0 | 2 | 0 | 1 | 20 | 76 | 83.00 | 1 | 1 | 13.26 | 36.11 |
| History - Other | 0 | 2 | 0 | 1 | 20 | 60 | 86.50 | 0 | 1 | 5.26 | 8.64 |
| Current Events | 0 | 2 | 0 | 0 | 20 | 36 | 71.00 | 1 | 1 | 13.94 | 31.11 |
| Fine Arts - Classical Music | 0 | 2 | 0 | 0 | 20 | 71 | 91.50 | 0 | 2 | 4.59 | 12.35 |
| Science - Other | 0 | 2 | 0 | 1 | 20 | 53 | 73.00 | 0 | 1 | 6.27 | 9.88 |
| Literature - European | 0 | 1 | 0 | 0 | 10 | 109 | 109.00 | 0 | 0 | 0.00 | 4.94 |
| Mythology | 0 | 1 | 0 | 0 | 10 | 78 | 78.00 | 0 | 0 | 2.94 | 3.70 |
| Painting/Sculpture | 0 | 1 | 0 | 0 | 10 | 107 | 107.00 | 0 | 0 | 0.00 | 1.23 |
| Philosophy | 0 | 1 | 0 | 0 | 10 | 94 | 94.00 | 0 | 0 | 2.42 | 11.11 |
| History - World | 0 | 1 | 0 | 0 | 10 | 42 | 42.00 | 1 | 1 | 6.54 | 8.64 |
| Science - Biology | 0 | 1 | 0 | 0 | 10 | 74 | 74.00 | 0 | 0 | 2.72 | 4.94 |
| Fine Arts - Other | 0 | 1 | 0 | 1 | 10 | 112 | 112.00 | 0 | 0 | 0.29 | 2.47 |
| Literature - British | 0 | 0 | 0 | 0 | 0 | 0.00 | 0 | 0 | 0.00 | 0.00 | |
| Science - Chemistry | 0 | 0 | 0 | 0 | 0 | 0.00 | 0 | 0 | 0.00 | 0.00 |